[Event "AUTO-ADV-4014"]
[Site "http://www.queenalice.com/game.php?id=1526812"]
[Date "2018.5.10"]
[Round "1"]
[White "Rojerryo"]
[Black "Cateesalta"]
[Result "1-0"]
[WhiteElo "2080"]
[BlackElo "1778"]

1. e4 e6 2. d4 d5 3. e5 g6 4. Nf3 c5 5. c3 Nc6 6. Bd3 cxd4 7. cxd4 Bg7 8. O-O
Nge7 9. Bg5 O-O 10. Qd2 Qb6 11. Nc3 Nf5 12. Bxf5 exf5 13. Nxd5 Qa5 14. Qxa5 Nxa5
15. b3 Bd7 16. Rac1 Nc6 17. b4 b5 18. Bf6 Rfc8 19. Rc2 Be6 20. Rxc6 Bxd5 21. Rc5
Bxf3 22. gxf3 Bxf6 23. exf6 Rab8 24. Rd1 Re8 25. d5 Rb6 26. d6 Rd8 27. d7 Rbb8
28. Re5 h5 29. Re7 Kf8 30. Rc1 f4 31. h4 Ra8 32. Rc5 Rab8 33. Kf1 a6 34. Rc6 Rb7
35. Rxa6 Rc7 36. Rd6 Rc1+ 37. Ke2 Rc2+ 38. Kd3 Rxf2 39. Re8+ Rxe8 40. d8=Q Rxf3+
41. Kd4 Re3 42. Kc5 f3 43. Rd2 Re2 44. Qd6+ Kg8 45. Qf4 R8e5+ 46. Kd4 Rf5 47.
Qb8+ Kh7 48. Rxe2 fxe2 49. Qe8 Rxf6 50. Qxe2 Rf4+ 51. Kc5 Rxh4 52. Qf2 f5 53.
Qxh4 1-0

[Event "AUTO-ADV-4014"]
[Site "http://www.queenalice.com/game.php?id=1526813"]
[Date "2018.5.10"]
[Round "1"]
[White "Cateesalta"]
[Black "forever"]
[Result "1-0"]
[WhiteElo "1798"]
[BlackElo "1842"]

1. e4 e5 2. Nf3 Nc6 3. d4 exd4 4. Nxd4 Ne5 5. Nd2 Nf6 6. N2f3 g6 7. Nxe5 Qe7 8.
Nef3 Nxe4 9. Be2 Bg7 10. O-O O-O 11. Bd3 Nc5 12. Re1 Qd6 13. Bc4 c6 14. b4 Ne6
15. Bxe6 fxe6 16. a3 b5 17. c3 Bb7 18. Qb3 Kh8 19. Ng5 Bxd4 20. cxd4 h6 21. Nh3
g5 22. f3 Qxd4+ 23. Nf2 Kg8 24. Bb2 Qc4 25. Qd3 Rad8 26. Qg6# 1-0

[Event "AUTO-ADV-4014"]
[Site "http://www.queenalice.com/game.php?id=1526814"]
[Date "2018.5.10"]
[Round "1"]
[White "forever"]
[Black "Cateesalta"]
[Result "1-0"]
[WhiteElo "1892"]
[BlackElo "1811"]

1. d4 Nf6 2. Nf3 e6 3. c4 c5 4. e3 Nc6 5. Nc3 d5 6. b3 Be7 7. Bd3 Nb4 8. Bb1
cxd4 9. exd4 O-O 10. O-O b6 11. Ne5 dxc4 12. bxc4 Bb7 13. a3 Nc6 14. Ne2 Na5 15.
Qd3 Qc7 16. Ng4 Be4 17. Nxf6+ Bxf6 18. Qxe4 g6 19. Bh6 Rfd8 20. Ba2 Nxc4 21. Qf3
Nd6 22. Qxf6 Ne4 23. Qg7# 1-0

[Event "AUTO-ADV-4014"]
[Site "http://www.queenalice.com/game.php?id=1526815"]
[Date "2018.5.10"]
[Round "1"]
[White "Cateesalta"]
[Black "Benigno"]
[Result "0-1"]
[WhiteElo "1816"]
[BlackElo "1992"]

1. e4 d6 2. d4 g6 3. b3 Bg7 4. Bb2 Nd7 5. Nf3 Ngf6 6. c4 c5 7. Bd3 O-O 8. O-O
cxd4 9. Bxd4 Nc5 10. Bxc5 dxc5 11. Qc2 Nxe4 12. Bxe4 Bxa1 13. Nc3 Bxc3 14. Qxc3
e6 15. Nd2 Rb8 16. Bc2 Qd4 17. Qe3 b6 18. Qh6 Qg7 19. Qe3 Bb7 20. Be4 Bxe4 21.
Qxe4 Rfd8 22. Nf3 Rd6 23. h3 Rbd8 24. Re1 Rd1 25. Kh2 Qf6 26. Re2 h6 27. Qb7 Kg7
28. Qxa7 Qf4+ 0-1

[Event "AUTO-ADV-4014"]
[Site "http://www.queenalice.com/game.php?id=1526816"]
[Date "2018.5.10"]
[Round "1"]
[White "Benigno"]
[Black "Cateesalta"]
[Result "1-0"]
[WhiteElo "2022"]
[BlackElo "1819"]

1. e4 e6 2. d4 d5 3. exd5 Qxd5 4. Nc3 Bb4 5. Nf3 Bxc3+ 6. bxc3 a6 7. Bd3 b5 8.
Qe2 Qd8 9. O-O Bb7 10. Bg5 f6 11. Bh4 Qe7 12. Rfe1 e5 13. dxe5 Nc6 14. exf6 Nxf6
15. Qd2 Qxe1+ 16. Rxe1+ Kd7 17. Bxb5+ Kc8 18. Bxc6 Bxc6 19. Ne5 Bb7 20. Bxf6
gxf6 21. Qd7+ Kb8 22. Nc6+ Bxc6 23. Qxc6 Ka7 24. Qxc7# 1-0

[Event "Challenge"]
[Site "http://www.queenalice.com/game.php?id=1528351"]
[Date "2018.5.24"]
[Round "-"]
[White "Dinda54"]
[Black "Cateesalta"]
[Result "1-0"]
[WhiteElo "1731"]
[BlackElo "1792"]

1. e4 e5 2. Nf3 Nc6 3. c3 d5 4. exd5 Qxd5 5. c4 Qd8 6. h3 Nf6 7. Be2 Bd6 8. O-O
O-O 9. d3 Nd4 10. Be3 c5 11. Nc3 b6 12. Ng5 Nxe2+ 13. Qxe2 Bb7 14. f3 Qc7 15.
Nb5 Qc6 16. Nc3 a5 17. a4 Nd7 18. Qf2 Bc7 19. Nd5 f5 20. Qh4 Qh6 21. Ne7+ Kh8
22. Nf7+ Rxf7 23. Bxh6 gxh6 24. Nd5 Bxd5 25. cxd5 Rf6 26. Rae1 Raf8 27. g4 f4
28. Re2 Rd6 29. Qe7 Rxd5 30. Rfe1 Bd8 31. Qe6 Rd4 32. Rd1 Bc7 33. b3 Kg7 34. Qc6
Rc8 35. Qb7 Rf8 36. Qxc7 Rf7 37. Qc6 Rf6 38. Qc7 Kg6 39. Rxe5 Nxe5 40. Qxe5 Rb4
41. Qh5+ Kg7 42. Re1 Rf7 43. Re6 Rf6 44. Qe5 1-0

[Event "Challenge"]
[Site "http://www.queenalice.com/game.php?id=1530818"]
[Date "2018.6.12"]
[Round "-"]
[White "fornery"]
[Black "Cateesalta"]
[Result "1-0"]
[WhiteElo "1772"]
[BlackElo "1790"]

1. e4 e6 2. Nh3 Nf6 3. d3 g6 4. Bg5 d6 5. Nc3 Bg7 6. d4 Qd7 7. Bxf6 Bxf6 8. d5
Bg7 9. Bb5 c6 10. Bc4 O-O 11. Ng5 exd5 12. exd5 Qe7+ 13. Nce4 f5 14. dxc6+ Kh8
15. Qxd6 Qxd6 16. Nxd6 Nxc6 17. Ndf7+ Kg8 18. Nh6+ Kh8 19. Ngf7+ Rxf7 20. Nxf7+
Kg8 21. O-O-O Kf8 22. Rhe1 Bf6 23. h3 f4 24. Re4 g5 25. Nd6 Ne5 26. h4 h6 27.
Rde1 Nxc4 28. Re8+ Kg7 29. Nxc4 gxh4 30. Nd6 Bg5 31. f3 h3 32. gxh3 Bh4 33. Rg1+
Kf6 34. Nxc8 1-0

[Event "Challenge"]
[Site "http://www.queenalice.com/game.php?id=1530819"]
[Date "2018.6.12"]
[Round "-"]
[White "Cateesalta"]
[Black "fornery"]
[Result "1-0"]
[WhiteElo "1774"]
[BlackElo "1773"]

1. e4 e5 2. Nf3 Qf6 3. Bc4 h5 4. O-O d6 5. b3 Qg6 6. Re1 Bh3 7. Nh4 Qf6 8. gxh3
Qxh4 9. Qf3 g5 10. Qxf7+ Kd8 11. Qxf8+ Kd7 12. Qg7+ Ne7 13. Qxh8 Kc6 14. Qe8+
Nd7 15. Qxa8 d5 16. exd5+ Nxd5 17. Bxd5+ Kxd5 18. Qxb7+ Ke6 19. Qg2 a5 20. Bb2
a4 21. Nc3 Qd4 22. Nxa4 Qxd2 23. f3 Qa5 24. Qxg5 Kd6 25. Rad1+ Kc6 26. Qg6+ Kb7
27. Bc3 Qa7+ 28. Kg2 Nc5 29. Nxc5+ Qxc5 30. Rd3 Qe7 31. Rxe5 Qa3 32. Rb5+ 1-0

[Event "Challenge"]
[Site "http://www.queenalice.com/game.php?id=1531516"]
[Date "2018.6.17"]
[Round "-"]
[White "WLAO"]
[Black "Cateesalta"]
[Result "0-1"]
[WhiteElo "1601"]
[BlackElo "1769"]

1. b3 e5 2. Bb2 Nc6 3. e4 d5 4. d3 Nge7 5. exd5 Qxd5 6. Nf3 b6 7. Nbd2 Bg4 8. c4
Qd6 9. Be2 f6 10. O-O Bf5 11. Nh4 Bxd3 12. Bxd3 Qxd3 13. Rc1 Ng6 14. Rc3 Qd7 15.
Nxg6 hxg6 16. Rg3 Rh6 17. Qf3 f5 18. Rh3 Rd8 19. Rxh6 gxh6 20. Qc3 Qxd2 21. Qxd2
Rxd2 22. Bc1 Rd7 23. Be3 Kf7 24. g3 Kg7 25. Rc1 Bc5 26. Bxc5 bxc5 27. Kg2 a5 28.
a4 Nb4 29. Rc3 Rd2 30. Re3 e4 31. h4 h5 32. Kf1 Nd3 33. Re2 Rxe2 34. Kxe2 Kf6
35. f3 g5 36. fxe4 fxe4 37. hxg5+ Kxg5 38. Ke3 Kf5 39. Ke2 Kg4 40. Ke3 Kf5 41.
Kd2 c6 42. Ke3 Nc1 43. Kd2 Nxb3+ 44. Kc2 Nd4+ 45. Kd2 Ke5 46. Ke3 Nf5+ 47. Kf2
Nd6 48. Kg2 Nf5 49. Kf2 Kd4 50. Kg2 Kxc4 51. Kf2 Kd3 52. Kg2 c4 53. Kf2 Kd2 54.
Kg2 c3 55. Kh3 c2 56. g4 hxg4+ 57. Kxg4 Nd4 58. Kf4 c1=Q 59. Kxe4 Kc3 60. Ke5 c5
61. Kd5 Kb4 62. Ke5 Kxa4 63. Ke4 Kb4 64. Kd5 a4 65. Ke4 a3 66. Kd5 a2 67. Ke5
a1=Q 68. Kd5 Qa2+ 69. Ke5 Qg5+ 70. Ke4 Qe2# 0-1

[Event "Challenge"]
[Site "http://www.queenalice.com/game.php?id=1532355"]
[Date "2018.6.23"]
[Round "-"]
[White "pedroingles"]
[Black "Cateesalta"]
[Result "1-0"]
[WhiteElo "1828"]
[BlackElo "1807"]

1. d4 d5 2. c4 c6 3. Nf3 Nf6 4. Nc3 e6 5. e3 Be7 6. Bd3 O-O 7. O-O Nbd7 8. c5 b6
9. b4 bxc5 10. bxc5 Nb8 11. Qa4 Qc7 12. Ba3 Ng4 13. Bb4 Bd7 14. h3 Nf6 15. Ne5
Be8 16. Ba5 Qc8 17. Bb6 a6 18. Rab1 Nfd7 19. Nxd7 Nxd7 20. Qc2 g6 21. Rb3 e5 22.
Rfb1 e4 23. Be2 Rb8 24. Ra3 Bh4 25. Bxa6 Rb7 26. Bxb7 Qxb7 27. Bd8 Qc8 28. Bxh4
f6 29. Bg3 f5 30. Rab3 Nf6 31. Rb8 Qe6 32. R1b7 g5 33. Bd6 Rf7 34. Rxf7 Kxf7 35.
Qa4 Kg6 36. Qa8 Bf7 37. Qxc6 Be8 38. Qa8 Bf7 39. Nb5 Ne8 40. Rd8 Kh5 41. a4 g4
42. hxg4+ Kxg4 43. Nc7 Nxc7 44. Bxc7 h5 45. Rh8 Qd7 46. Bg3 Be6 47. Rg8+ 1-0

[Event "Challenge"]
[Site "http://www.queenalice.com/game.php?id=1540376"]
[Date "2018.8.28"]
[Round "-"]
[White "MADMIKE"]
[Black "Cateesalta"]
[Result "0-1"]
[WhiteElo "1841"]
[BlackElo "1777"]

1. d4 d5 2. Nc3 e6 3. a3 g6 4. Bf4 Nd7 5. Nb5 Bd6 6. Nxd6+ cxd6 7. Bxd6 Nb6 8.
Be5 f6 9. Bg3 Ne7 10. e3 a6 11. Nf3 Nf5 12. Be2 Nxg3 13. fxg3 O-O 14. O-O Bd7
15. g4 g5 16. Bd3 Nc4 17. Bxc4 dxc4 18. d5 e5 19. h3 Qb6 20. b4 Qxe3+ 21. Kh1
Ba4 22. d6 Rad8 23. Qd5+ Rf7 24. c3 Qb6 25. Qc5 Qc6 26. Qxc6 Bxc6 27. Rad1 Rfd7
28. h4 h6 29. hxg5 hxg5 30. Rf2 Rxd6 31. Rxd6 Rxd6 32. Rc2 Rd1+ 33. Kh2 Ra1 34.
Nd2 Bd5 35. Rb2 b5 36. Nb1 Be4 37. Nd2 Bg6 38. Nf3 Rxa3 39. Kg3 Rxc3 40. Kf2 Rb3
41. Ra2 c3 42. Rxa6 c2 43. Rc6 Rxb4 44. Ne1 Rc4 45. Rxf6 Kg7 46. Rd6 c1=Q 47.
Rd7+ Kh6 48. Nf3 Qf4 49. g3 Qf6 50. Kg2 e4 51. Nd2 Rc2 52. Kh3 e3 53. Ne4 Qf1#
0-1

[Event "Challenge"]
[Site "http://www.queenalice.com/game.php?id=1540377"]
[Date "2018.8.28"]
[Round "-"]
[White "Cateesalta"]
[Black "MADMIKE"]
[Result "1-0"]
[WhiteElo "1796"]
[BlackElo "1822"]

1. e4 e5 2. Nf3 d6 3. d4 exd4 4. Qxd4 Nc6 5. Qd1 Bg4 6. h3 Bxf3 7. Qxf3 Ne5 8.
Qd1 h6 9. Nc3 Nf6 10. f4 Ned7 11. Bd3 Be7 12. Qe2 O-O 13. e5 dxe5 14. fxe5 Nh7
15. Bxh7+ Kxh7 16. Qd3+ Kh8 17. Bf4 Bb4 18. O-O-O Nc5 19. Qxd8 Raxd8 20. Rxd8
Rxd8 21. Rd1 Rxd1+ 22. Nxd1 Ne6 23. Bd2 Be7 24. c4 f6 25. Bc3 fxe5 26. Bxe5 c6
27. Kc2 Nc5 28. b4 Ne4 29. b5 cxb5 30. cxb5 a6 31. bxa6 bxa6 32. Bc7 h5 33. a4
Bb4 34. Nb2 a5 35. Nd3 g6 36. Nxb4 axb4 37. a5 Nc5 38. Bb6 Na6 39. Bd8 Kg7 40.
Kb3 Kf7 41. Kc4 Ke6 42. g3 Kf5 43. Be7 Ke4 44. Bxb4 Kf3 45. Bd6 g5 46. h4 g4 47.
Kb5 Nc5 48. Bb8 Nd7 49. Bc7 Nf6 50. a6 Nd5 51. Bb8 Nc3+ 52. Kc4 Na4 53. a7 Nb6+
54. Kb5 Na8 55. Ka6 Kg2 56. Kb7 1-0

[Event "AUTO-ADV-4086"]
[Site "http://www.queenalice.com/game.php?id=1547647"]
[Date "2018.10.30"]
[Round "1"]
[White "michas"]
[Black "Cateesalta"]
[Result "0-1"]
[WhiteElo "1715"]
[BlackElo "1849"]

1. g3 d5 2. Nf3 c5 3. Bg2 e6 4. O-O Nf6 5. d3 h6 6. b3 Nc6 7. Bb2 Be7 8. Nbd2
O-O 9. Re1 b5 10. e4 d4 11. e5 Nd5 12. Ne4 Qc7 13. c4 bxc4 14. dxc4 Nb6 15. Nfd2
Bb7 16. Qc2 Nxe5 17. Nf3 a5 18. Nxe5 Bxe4 19. Qxe4 Rad8 20. Nd3 Nd7 21. Ne5 Nxe5
22. f4 Ng6 23. Rad1 Qb6 24. Rd3 Bf6 25. Bf3 Ne7 26. g4 g6 27. a3 Nc8 28. f5 exf5
29. gxf5 Rfe8 30. Qh4 Bxh4 31. Rxe8+ Rxe8 32. Rd1 Qxb3 33. Rd2 Qxf3 34. Rf2
Qxf2+ 35. Kh1 Re1# 0-1

[Event "AUTO-ADV-4086"]
[Site "http://www.queenalice.com/game.php?id=1547648"]
[Date "2018.10.30"]
[Round "1"]
[White "Cateesalta"]
[Black "michas"]
[Result "1-0"]
[WhiteElo "1814"]
[BlackElo "1705"]

1. d4 e5 2. dxe5 Nc6 3. Nf3 Qe7 4. Bg5 f6 5. exf6 Nxf6 6. e3 h6 7. Bf4 g5 8. Bg3
Bg7 9. Nbd2 d6 10. Bc4 d5 11. Bb3 Bg4 12. O-O Na5 13. c3 Nxb3 14. Nxb3 Ne4 15.
h3 Nxg3 16. fxg3 Bh5 17. Qxd5 c6 18. Qf5 Qxe3+ 19. Kh2 Kd8 20. Rad1+ Kc7 21.
Qd7+ Kb6 22. Qxg7 Rag8 23. Qd4+ Qxd4 24. Rxd4 g4 25. Rb4+ Kc7 26. Ne5 gxh3 27.
gxh3 Re8 28. Nd3 Re2+ 29. Rf2 Rxf2+ 30. Nxf2 Bg6 31. Rh4 b5 32. Nc5 Kb6 33. b4
a5 34. a3 axb4 35. cxb4 h5 36. Rf4 Rd8 37. a4 Rd2 38. axb5 Kxb5 39. Kg1 Be8 40.
Re4 Bg6 41. Re3 Kxb4 42. Ne6 c5 43. Kf1 c4 44. Nf4 Bc2 45. Ne2 Bf5 46. Ke1 Ra2
47. Nd1 Ra1 48. Re5 Bc2 49. Rd5 Bb3 50. Rd8 Bxd1 51. Rxd1 Ra3 52. Rb1+ Kc5 53.
Kd2 Ra2+ 54. Ke3 Ra3+ 55. Ke4 Ra4 56. Rb8 c3+ 57. Kd3 h4 58. g4 Ra3 59. Nxc3 Kc6
60. Kc4 Kc7 61. Rh8 Ra1 62. Rxh4 Rc1 63. g5 Rg1 64. Ne4 Rc1+ 65. Kd5 Rd1+ 66.
Ke5 Re1 67. Rh7+ Kc6 68. h4 Kb5 69. g6 Rg1 70. g7 Kc4 71. Nd6+ Kd3 72. Nf5 Re1+
73. Kf6 Rf1 74. g8=Q Rg1 75. Qxg1 1-0

[Event "AUTO-ADV-4086"]
[Site "http://www.queenalice.com/game.php?id=1547661"]
[Date "2018.10.30"]
[Round "1"]
[White "peonaislado"]
[Black "Cateesalta"]
[Result "1-0"]
[WhiteElo "1829"]
[BlackElo "1860"]

1. d4 d5 2. c4 c5 3. e3 cxd4 4. exd4 Nf6 5. Nc3 e6 6. Nf3 a6 7. Bd3 g6 8. O-O
Bg7 9. Qc2 O-O 10. Be3 Nc6 11. h3 dxc4 12. Bxc4 b5 13. Bd3 Nb4 14. Qd2 Bb7 15.
Bh6 Bxh6 16. Qxh6 Nxd3 17. b3 Bxf3 18. gxf3 Nd5 19. Nxd5 Qxd5 20. Rad1 Qxf3 21.
Qe3 Qxe3 22. fxe3 Nb4 23. a3 Nd5 24. Rfe1 f5 25. Rc1 Rac8 26. Kg2 Rxc1 27. Rxc1
Rf6 28. Kg3 Nxe3 29. Rc8+ Kg7 30. Rc7+ Rf7 31. Rxf7+ Kh6 32. Rf6 1-0

[Event "AUTO-ADV-4086"]
[Site "http://www.queenalice.com/game.php?id=1547662"]
[Date "2018.10.30"]
[Round "1"]
[White "Cateesalta"]
[Black "peonaislado"]
[Result "0-1"]
[WhiteElo "1884"]
[BlackElo "1810"]

1. e4 c5 2. Nf3 d6 3. c3 Nf6 4. g3 Nc6 5. d3 e5 6. Bg2 Be7 7. O-O O-O 8. Be3 b6
9. d4 Nxe4 10. Nxe5 Nxe5 11. Bxe4 Bg4 12. Qc2 d5 13. Bxh7+ Kh8 14. dxe5 d4 15.
Bf4 Qd5 16. Be4 Qd8 17. Bxa8 Qxa8 18. f3 Bxf3 19. Nd2 Bg4 20. h4 Bh3 21. Rf2 Rd8
22. Kh2 Bg4 23. Re1 g6 24. Bg5 Bxg5 25. hxg5 Kg7 26. c4 Rh8+ 27. Kg1 Qh1# 0-1

[Event "AUTO-ADV-4086"]
[Site "http://www.queenalice.com/game.php?id=1547669"]
[Date "2018.10.30"]
[Round "1"]
[White "Profnabor"]
[Black "Cateesalta"]
[Result "1-0"]
[WhiteElo "1939"]
[BlackElo "1843"]

1. e4 e6 2. d4 d5 3. e5 c5 4. b4 cxd4 5. Qxd4 Nc6 6. Bb5 Bd7 7. Bxc6 Bxc6 8. Nf3
Bb5 9. Nbd2 a5 10. c4 Bxc4 11. Nxc4 dxc4 12. Qxc4 axb4 13. O-O Qa5 14. Be3 Ne7
15. Rfd1 Nc6 16. Rd2 Be7 17. Rad1 O-O 18. h3 Nxe5 19. Nxe5 Qxe5 20. Qg4 f5 21.
Qf3 b5 22. Rd7 Bf6 23. Bd4 Qe4 24. Bxf6 Rxf6 25. Qg3 Rg6 26. Rd8+ Rxd8 27. Rxd8+
Kf7 28. Qc7+ Kf6 29. Rf8+ Kg5 30. Qc1+ f4 31. Qc5+ Qd5 32. Qxb4 Rf6 33. Rc8 e5
34. Rc5 Qe6 35. Qxb5 Rf5 36. a4 Qe7 37. a5 g6 38. a6 e4 39. Rxf5+ 1-0

[Event "AUTO-ADV-4086"]
[Site "http://www.queenalice.com/game.php?id=1547670"]
[Date "2018.10.30"]
[Round "1"]
[White "Cateesalta"]
[Black "Profnabor"]
[Result "1-0"]
[WhiteElo "1864"]
[BlackElo "1969"]

1. e4 e5 2. Nf3 Nc6 3. d4 exd4 4. Nxd4 d6 5. Nxc6 bxc6 6. c4 Nf6 7. Bd3 Be7 8.
O-O O-O 9. Qc2 Ng4 10. Nc3 Bf6 11. e5 Bxe5 12. g3 h6 13. Be4 f5 14. Bxc6 Rb8 15.
Nd5 Nf6 16. f4 Bd4+ 17. Be3 Bxe3+ 18. Nxe3 Bb7 19. Bxb7 Rxb7 20. Nxf5 Ng4 21.
Qg2 Qb8 22. Ne7+ Kf7 23. Nc6 Qc8 24. Rae1 Rb6 25. Qd5+ Kg6 26. Ne7+ Kf6 27. Nxc8
Rxc8 28. Qe6# 1-0

[Event "Challenge"]
[Site "http://www.queenalice.com/game.php?id=1550342"]
[Date "2018.11.23"]
[Round "-"]
[White "fornery"]
[Black "Cateesalta"]
[Result "1/2-1/2"]
[WhiteElo "1760"]
[BlackElo "1830"]

1. e4 e6 2. e5 d6 3. Nf3 Nc6 4. Bb5 Ne7 5. d4 Bd7 6. Ng5 Ng6 7. h4 dxe5 8. h5
Nf4 9. Bxf4 exf4 10. d5 Qxg5 11. dxc6 Bxc6 12. Bxc6+ bxc6 13. Nc3 Qxg2 14. Rf1
Rd8 15. Qe2 h6 16. Qe5 Rd7 17. Qxf4 Bd6 18. Qe3 Bb4 19. f3 Qxc2 20. Rf2 Bxc3+
21. bxc3 Rd3 22. Rxc2 Rxe3+ 23. Kf2 Re5 24. Rb2 Rb5 25. Rb4 O-O 26. Rh1 Rd8 27.
Rc4 c5 28. Rg4 f5 29. Rg6 Rd3 30. Rhg1 Rb2+ 31. Kg3 Re2 32. a4 a5 33. Kf4 Rd7
34. Rxh6 Rf7 35. Rg5 e5+ 36. Kg3 f4+ 37. Kh3 Re3 38. Kg4 Rxc3 39. Re6 Rc1 40.
Rexe5 Ra1 41. Re4 Rg1+ 42. Kh4 Rxg5 43. Kxg5 Kh7 44. Re5 Rd7 45. Rxc5 Rd3 46.
Kxf4 Rd4+ 47. Kg5 Rxa4 48. Rxc7 Ra3 49. f4 Ra1 50. Ra7 Rg1+ 51. Kh4 Rh1+ 52. Kg5
Rg1+ 53. Kh4 Rh1+ 1/2-1/2

[Event "Challenge"]
[Site "http://www.queenalice.com/game.php?id=1550343"]
[Date "2018.11.23"]
[Round "-"]
[White "Cateesalta"]
[Black "fornery"]
[Result "0-1"]
[WhiteElo "1831"]
[BlackElo "1803"]

1. e4 e5 2. Nf3 Bc5 3. d4 exd4 4. Nxd4 Qf6 5. Nf3 Qb6 6. Qe2 Nf6 7. Be3 Qxb2 8.
c3 Qxa1 9. Qc2 Ba3 10. Nd2 Qb2 11. Qxb2 Bxb2 12. a3 Bc1 13. e5 Bxd2+ 14. Nxd2
Nd5 15. Bd4 h5 16. Bc4 Nf4 17. g3 Ne6 18. f4 Nc6 19. Be3 a5 20. a4 b6 21. Bd5
Bb7 22. Ke2 h4 23. f5 hxg3 24. fxe6 fxe6 0-1

[Event "Challenge"]
[Site "http://www.queenalice.com/game.php?id=1558679"]
[Date "2019.1.30"]
[Round "-"]
[White "Magogue"]
[Black "Cateesalta"]
[Result "0-1"]
[WhiteElo "1248"]
[BlackElo "1826"]

1. e4 e5 2. Nf3 Nc6 3. Bb5 Nge7 4. Nc3 g6 5. d4 a6 6. Bxc6 Nxc6 7. d5 Ne7 8.
Nxe5 Bg7 9. Nf3 d6 10. h3 Bd7 11. O-O O-O 0-1

[Event "Challenge"]
[Site "http://www.queenalice.com/game.php?id=1558680"]
[Date "2019.1.30"]
[Round "-"]
[White "Cateesalta"]
[Black "Magogue"]
[Result "1-0"]
[WhiteElo "1828"]
[BlackElo "1246"]

1. e4 e5 2. Nf3 Nc6 3. c3 Nf6 4. d4 Nxe4 5. d5 Bc5 6. Be3 Bxe3 7. fxe3 Ne7 8.
Nxe5 O-O 9. c4 d6 10. Nd3 f5 11. Qc2 Bd7 12. Nc3 a6 13. Nf4 1-0